000 00254nam a2200097Ia 4500
001 703612
005 20250826162355.0
008 250824s9999 xx 000 0 und d
245 0 _aAY DENİZLE BULUŞACAK
_cKARİN KARAKAŞLI
260 _bGÜNIŞIĞI YAYINLARI
999 _c703612
_d703612